AmEN! - Bring Me the Horizon - Statistics

General Stats
  • This quiz has been taken 9 times
  • The average score is 194 of 340
Answer Stats
𖦹 % Correct
a
100%
have
100%
hope
100%
I
100%
the
100%
The
100%
you
100%
you,
100%
You
100%
all
80%
All
80%
(All
80%
burn,
80%
burn
80%
end
80%
everything
80%
friends
80%
friends,
80%
fun
80%
hell
80%
hell,
80%
in
80%
infidel
80%
is
80%
of
80%
rotting
80%
see
80%
slay
80%
So
80%
so
80%
tell
80%
This
80%
this
80%
to
80%
want
80%
what
80%
your
80%
amen?
60%
(Amen)
60%
away
60%
bleed
60%
centipede
60%
dick
60%
from
60%
fuck
60%
get
60%
Get
60%
hate
60%
heretic
60%
human
60%
know
60%
late
60%
me,
60%
me
60%
on
60%
out
60%
reap
60%
repent
60%
repent,
60%
sick?
60%
six
60%
Suck
60%
they
60%
Too
60%
watch
60%
We
60%
witch,
60%
about
40%
an
40%
And
40%
and
40%
as
40%
ass
40%
bathe
40%
be
40%
blood
40%
breathe
40%
breathe)
40%
call
40%
Can
40%
child
40%
control
40%
damned
40%
demon
40%
Don't
40%
don't
40%
enemy
40%
exorcist
40%
Falling
40%
fanatics
40%
feeling
40%
Gen
40%
Gen)
40%
Got
40%
grace,
40%
hail
40%
head
40%
heresy,
40%
I'd
40%
I'm
40%
It's
40%
Just
40%
(Just
40%
just
40%
let
40%
like
40%
lose
40%
my
40%
Nex
40%
No
40%
Oh,
40%
over
40%
own
40%
Patiently
40%
peace)
40%
peace
40%
possessed
40%
prey
40%
Purify
40%
purify,
40%
really
40%
Rejoice
40%
rejoice
40%
sanctify
40%
sanctify,
40%
sin)
40%
sing
40%
Somebody
40%
sorrow
40%
sow
40%
Stay
40%
suffer
40%
(Suffer
40%
Suffer
40%
Swim
40%
their
40%
waiting
40%
We'll
40%
wicked
40%
will
40%
Yeah
40%
you're
40%
apostate
20%
brethen)
20%
execute
20%
faith
20%
Foul
20%
our
20%
(Purge
20%
renegade
20%
Subjugate
20%
absolution
0%
brethren)
0%
come
0%
corrupted
0%
done
0%
judgment
0%
kingdom
0%
(Rise
0%
Thou
0%
till
0%
No matching quizzes found
Score Distribution
Percent of People with Each Score
Percentile by Number Answered
Your Score History
You have not taken this quiz